Nouvelle biographie générale depuis les temps les plus reculés jusqu'a nos jours, avec les renseignements bibliographiques et l'indication des sources a consulter / publiée par MM. Firmin Didot Frères, sous la direction de M. le Dr. Hoefer

Detalles Bibliográficos
Autor principal: Hoefer, Ferdinand, 1811-1878
Otros Autores: Firmin-Didot, Hyacinthe, 1794-1880, ed, Firmin-Didot, Ambroise, 1790-1876, ed
Formato: Libro
Lenguaje:French
Publicado: Paris : Firmin Didot Frères, Fils et cie., éditeurs, imprimeurs-libraires de l'Institut de France, 1863.
Materias:
Colección:Banco de datos
Acervo:Seminario Conciliar de Nuestra Señora de Guadalupe Querétaro. Qro.. Biblioteca Florencio Rosas. Fondo Histórico
Descripción Física:46 t. ; 23 cm.
Tema general:Biografías
Notas:Texto con corondel central, signaturas y notas a pie de página. Colofón en el verso de la anteportada: Typographie de H. Firmin Didot. Mesnil (Eure). Cada tomo con portada y numeración propias. Los t. 37, 42 publicados en 1863. Paginación: t. 37 [2] h., 1032 col.; t. 42 [2] h., 1032 col. Encuadernación holandesa (17359, 17364). Sello en tinta de la Biblioteca del Seminario, Querétaro (17359, 17364)
LEADER 01411nam a22002050004500
035 |a 8509 
041 0 |a fre 
100 1 |a Hoefer, Ferdinand, 1811-1878  
245 1 0 |a Nouvelle biographie générale depuis les temps les plus reculés jusqu'a nos jours, avec les renseignements bibliographiques et l'indication des sources a consulter / publiée par MM. Firmin Didot Frères, sous la direction de M. le Dr. Hoefer 
260 |a Paris : Firmin Didot Frères, Fils et cie., éditeurs, imprimeurs-libraires de l'Institut de France, 1863. 
300 |a 46 t. ; 23 cm. 
500 |a Texto con corondel central, signaturas y notas a pie de página. Colofón en el verso de la anteportada: Typographie de H. Firmin Didot. Mesnil (Eure). Cada tomo con portada y numeración propias. Los t. 37, 42 publicados en 1863. Paginación: t. 37 [2] h., 1032 col.; t. 42 [2] h., 1032 col. Encuadernación holandesa (17359, 17364). Sello en tinta de la Biblioteca del Seminario, Querétaro (17359, 17364) 
505 0 0 |a t. 37 Murray-Nicolini.-- t. 42 Renoult-Saint André 
650 1 0 |a Biografías 
700 1 |a Firmin-Didot, Hyacinthe, 1794-1880, ed. 
700 1 |a Firmin-Didot, Ambroise, 1790-1876, ed.  
949 |a Fondo Histórico: t. 37 (17359); t. 42 (17364) 
942 |c Q.R.H.T 
943 |g Seminario Conciliar de Nuestra Señora de Guadalupe Querétaro. Qro.. Biblioteca Florencio Rosas. Fondo Histórico 
999 |c 1089964  |d 1089964